[Event "Bialystok Bieluczyk Memorial-B 1st"]
[White "Jarczewski, Marcin"]
[Black "Milewski, Karol"]
[Site "Bialystok"]
[Round "5"]
[Result "1/2-1/2"]
[Date "2009.06.23"]
[WhiteElo "1888"]
[BlackElo "1660"]
[PlyCount "44"]
[EventDate "2009.06.20"]
[EventType "swiss"]
[EventRounds "9"]
[EventCountry "POL"]
[SourceTitle "EXT 2012"]
[Source "ChessBase"]
[SourceDate "2011.11.24"]
[SourceVersion "1"]
[SourceVersionDate "2011.11.24"]
[SourceQuality "1"]

1. d4 d5 2. c4 e6 3. Nf3 Nf6 4. Nc3 Nbd7 5. g3 Be7 6. Bg2 c6 7. b3 0-0 8. 0-0 Re8 9. Qd3 Bd6 10. Bb2 h6 11. Rad1 Rb8 12. Rfe1 b6 13. e4 dxe4 14. Nxe4 Nxe4 15. Rxe4 Qc7 16. Re2 Bb7 17. Nd2 Nf6 18. Ne4 Nxe4 19. Bxe4 Rbd8 20. Red2 Be7 21. Qc2 Bf6 22. f4 Rd7 1/2-1/2

[Event "POL-ch U20"]
[White "Nasuta, Grzegorz"]
[Black "Jarczewski, Marcin"]
[Site "Bialystok"]
[Round "1.5"]
[Result "1-0"]
[Date "2009.01.26"]
[WhiteElo "2076"]
[BlackElo "1872"]
[PlyCount "49"]
[EventDate "2009.01.26"]
[EventType "tourn"]
[EventRounds "9"]
[EventCountry "POL"]
[SourceTitle "EXT 2023"]
[Source "ChessBase"]
[SourceDate "2022.10.05"]
[SourceVersion "1"]
[SourceVersionDate "2022.10.05"]
[SourceQuality "1"]

1. e4 c5 2. Nf3 Nc6 3. d4 cxd4 4. Nxd4 g6 5. c4 Bg7 6. Be3 Nf6 7. Nc3 Ng4 8. Qxg4 Nxd4 9. Qd1 Ne6 10. Rc1 Qa5 11. Bd3 b6 12. 0-0 g5 13. a3 Qe5 14. Qd2 Bb7 15. b4 d6 16. Nd5 Rc8 17. Qd1 Bc6 18. Bc2 Qb2 19. Qd3 h6 20. Rfd1 Qe5 21. c5 dxc5 22. bxc5 Nxc5 23. Bxc5 Bxd5 24. Ba4+ Kf8 25. Bd4 1-0

[Event "Chojnice op-B 4th"]
[White "Sciwiarski, Mariusz"]
[Black "Jarczewski, Marcin"]
[Site "Chojnice"]
[Round "6"]
[Result "0-1"]
[Date "2008.07.16"]
[WhiteElo "1898"]
[BlackElo "1836"]
[PlyCount "84"]
[EventDate "2008.07.12"]
[EventType "swiss"]
[EventRounds "9"]
[EventCountry "POL"]
[SourceTitle "EXT 2018"]
[Source "ChessBase"]
[SourceDate "2017.10.13"]
[SourceVersion "1"]
[SourceVersionDate "2017.10.13"]
[SourceQuality "1"]

1. d4 d5 2. Nf3 Nf6 3. c4 e6 4. e3 Nbd7 5. Qc2 a6 6. a4 Be7 7. Nc3 b6 8. cxd5 exd5 9. Bd3 Bb7 10. 0-0 c5 11. Rd1 0-0 12. Ne5 Rc8 13. Bf5 g6 14. Nxd7 Nxd7 15. Bh3 c4 16. e4 dxe4 17. Nxe4 f5 18. Nc3 Bd6 19. f4 Qc7 20. g3 Rfe8 21. Bg2 Nf6 22. Bxb7 Qxb7 23. Qg2 Qxg2+ 24. Kxg2 Bb4 25. Kf3 Re7 26. Bd2 Rce8 27. Re1 Rxe1 28. Rxe1 Rxe1 29. Bxe1 Bxc3 30. Bxc3 Kf7 31. h3 Ke6 32. Ke3 Kd5 33. Bb4 Nd7 34. Be7 Nb8 35. Bd8 b5 36. axb5 axb5 37. Bc7 Nc6 38. Bb6 b4 39. Bc5 b3 40. Ba3 Nxd4 41. Kd2 Nb5 42. Be7 Ke4 0-1

[Event "Bialystok U20"]
[White "Jarczewski, Marcin"]
[Black "Zwolan, Adam"]
[Site "Bialystok"]
[Round "3"]
[Result "1-0"]
[Date "2008.01.22"]
[WhiteElo "1840"]
[BlackElo "1550"]
[PlyCount "71"]
[EventDate "2008.01.21"]
[EventType "swiss"]
[EventRounds "9"]
[EventCountry "POL"]
[SourceTitle "EXT 2010"]
[Source "ChessBase"]
[SourceDate "2010.11.25"]
[SourceVersion "1"]
[SourceVersionDate "2010.11.25"]
[SourceQuality "1"]

1. d4 d5 2. c4 e6 3. Nf3 Nf6 4. Bg5 Be7 5. e3 h6 6. Bh4 b6 7. Nc3 0-0 8. Rc1 Bb7 9. Bd3 Nbd7 10. cxd5 exd5 11. 0-0 Ne4 12. Bxe7 Qxe7 13. Qb3 Ndf6 14. Bxe4 dxe4 15. Ne5 c5 16. Ng6 Qc7 17. Nxf8 Ng4 18. g3 Rxf8 19. dxc5 Bc8 20. cxb6 axb6 21. Nxe4 Qd7 22. f3 Ne5 23. Qxb6 Qf5 24. Nd6 Nxf3+ 25. Rxf3 Qxf3 26. Nxc8 Re8 27. Rf1 Qe2 28. Ne7+ Kh7 29. Rxf7 Qd1+ 30. Rf1 Qd3 31. Qg6+ Qxg6 32. Nxg6 Kxg6 33. Kf2 Rc8 34. Re1 Ra8 35. a3 Rb8 36. Re2 1-0

[Event "Bialystok Zamenhof Memorial-A"]
[White "Jarczewski, Marcin"]
[Black "Strojek, Kazimierz"]
[Site "Bialystok"]
[Round "3.7"]
[Result "1-0"]
[Date "2007.12.28"]
[WhiteElo "1805"]
[BlackElo "1918"]
[PlyCount "67"]
[EventDate "2007.12.27"]
[EventType "swiss"]
[EventRounds "9"]
[EventCountry "POL"]
[SourceTitle "EXT 2023"]
[Source "ChessBase"]
[SourceDate "2022.10.05"]
[SourceVersion "1"]
[SourceVersionDate "2022.10.05"]
[SourceQuality "1"]

1. d4 f5 2. c4 d6 3. g3 Nf6 4. Bg2 c6 5. Nc3 e5 6. dxe5 dxe5 7. Qxd8+ Kxd8 8. Nf3 Bd6 9. Bg5 h6 10. Bxf6+ gxf6 11. 0-0-0 Kc7 12. Bh3 Be6 13. b3 Bb4 14. Kb2 Na6 15. Nh4 Nc5 16. f3 a5 17. Bxf5 a4 18. Bxe6 Bxc3+ 19. Kxc3 Nxe6 20. Nf5 axb3 21. axb3 Ra2 22. Rd2 Rha8 23. Rhd1 Nc5 24. h4 R2a3 25. Rb1 Na6 26. Nxh6 c5 27. Ng4 Rf8 28. h5 Nb4 29. h6 Ra6 30. Rbd1 Rf7 31. Ne3 Kb8 32. Rd7 Rxd7 33. Rxd7 f5 34. h7 1-0

[Event "Bialystok Zamenhof Memorial-A"]
[White "Puksza, Andrzej"]
[Black "Jarczewski, Marcin"]
[Site "Bialystok"]
[Round "4.4"]
[Result "0-1"]
[Date "2007.12.28"]
[WhiteElo "1937"]
[BlackElo "1805"]
[PlyCount "94"]
[EventDate "2007.12.27"]
[EventType "swiss"]
[EventRounds "9"]
[EventCountry "POL"]
[SourceTitle "EXT 2023"]
[Source "ChessBase"]
[SourceDate "2022.10.05"]
[SourceVersion "1"]
[SourceVersionDate "2022.10.05"]
[SourceQuality "1"]

1. e4 c5 2. c3 d5 3. exd5 Qxd5 4. d4 Nf6 5. Nf3 Nc6 6. Be2 e6 7. 0-0 Be7 8. Be3 cxd4 9. cxd4 0-0 10. Nc3 Qd6 11. Qd2 b6 12. Nb5 Qd8 13. Ne5 Bb7 14. Bf3 Nd5 15. Rac1 Nxe5 16. dxe5 Nxe3 17. Qxd8 Raxd8 18. fxe3 Ba6 19. Nxa7 Bxf1 20. Kxf1 Rd2 21. Rc3 Rxb2 22. a4 Ra2 23. Bc6 Ra3 24. Rc1 Rxe3 25. Bb5 Bg5 26. Rc6 Rxe5 27. Rxb6 Be3 28. Rb7 Bxa7 29. Rxa7 Rb8 30. Rc7 g6 31. Kf2 Kg7 32. Rc2 h5 33. Rb2 Rd5 34. Rb3 f5 35. h4 Kf6 36. g3 e5 37. Rc3 Rbd8 38. Rc6+ R8d6 39. Rc7 Rd2+ 40. Ke3 Ra2 41. Bc4 f4+ 42. gxf4 Ra3+ 43. Ke2 exf4 44. Rf7+ Ke5 45. Re7+ Kf5 46. Bb5 Kg4 47. Re4 Kg3 0-1

[Event "Bialystok Zamenhof Memorial-A"]
[White "Lapinski, Krzysztof"]
[Black "Jarczewski, Marcin"]
[Site "Bialystok"]
[Round "2.5"]
[Result "1-0"]
[Date "2007.12.27"]
[WhiteElo "2172"]
[BlackElo "1805"]
[PlyCount "75"]
[EventDate "2007.12.27"]
[EventType "swiss"]
[EventRounds "9"]
[EventCountry "POL"]
[SourceTitle "EXT 2023"]
[Source "ChessBase"]
[SourceDate "2022.10.05"]
[SourceVersion "1"]
[SourceVersionDate "2022.10.05"]
[SourceQuality "1"]

1. e4 c5 2. Nc3 Nc6 3. Bb5 Nf6 4. Bxc6 dxc6 5. f4 g6 6. d3 Bg7 7. Nge2 Bg4 8. Be3 Qa5 9. 0-0 c4 10. dxc4 Qh5 11. e5 Ne4 12. Qe1 Nxc3 13. Nxc3 0-0 14. h3 Be6 15. b3 f6 16. Bd4 fxe5 17. Bxe5 Bxe5 18. Qxe5 Qxe5 19. fxe5 Rf5 20. Rae1 Raf8 21. Rxf5 Rxf5 22. Re3 Kf7 23. Ne2 Bc8 24. g4 Rg5 25. Nd4 Bxg4 26. Rg3 Rxe5 27. Rxg4 c5 28. Rf4+ Kg7 29. Nb5 a6 30. Nc3 Re1+ 31. Kg2 e5 32. Re4 Rxe4 33. Nxe4 b6 34. a4 h5 35. Kf3 Kf7 36. a5 bxa5 37. Nxc5 g5 38. Ke4 1-0

[Event "Bialystok Autumn op-A"]
[White "Niesteruk, Mikolaj"]
[Black "Jarczewski, Marcin"]
[Site "Bialystok"]
[Round "4.6"]
[Result "1-0"]
[Date "2007.11.11"]
[WhiteElo "850"]
[BlackElo "1805"]
[PlyCount "51"]
[EventDate "2007.11.10"]
[EventType "swiss"]
[EventRounds "9"]
[EventCountry "POL"]
[SourceTitle "EXT 2023"]
[Source "ChessBase"]
[SourceDate "2022.10.05"]
[SourceVersion "1"]
[SourceVersionDate "2022.10.05"]
[SourceQuality "1"]

1. d4 d5 2. Nf3 e6 3. Bg5 Be7 4. Bxe7 Qxe7 5. Nbd2 Nf6 6. e3 c5 7. c3 0-0 8. Bd3 Nc6 9. h4 Rb8 10. Ne5 Nxe5 11. dxe5 Nd7 12. f4 c4 13. Bxh7+ Kxh7 14. Qh5+ Kg8 15. Nf3 f6 16. Ng5 fxg5 17. hxg5 Qc5 18. Ke2 Qb5 19. g6 Qxb2+ 20. Kf3 Rxf4+ 21. exf4 Qxc3+ 22. Kg4 Nxe5+ 23. Qxe5 Qxe5 24. fxe5 Bd7 25. Raf1 Be8 26. Rh8+ 1-0

[Event "Bialystok Autumn op-A"]
[White "Jarczewski, Marcin"]
[Black "Puksza, Andrzej"]
[Site "Bialystok"]
[Round "1.3"]
[Result "1/2-1/2"]
[Date "2007.11.10"]
[WhiteElo "1805"]
[BlackElo "1937"]
[PlyCount "109"]
[EventDate "2007.11.10"]
[EventType "swiss"]
[EventRounds "9"]
[EventCountry "POL"]
[SourceTitle "EXT 2023"]
[Source "ChessBase"]
[SourceDate "2022.10.05"]
[SourceVersion "1"]
[SourceVersionDate "2022.10.05"]
[SourceQuality "1"]

1. d4 c5 2. d5 e5 3. c4 d6 4. Nc3 f5 5. g3 Nf6 6. Bg2 Nbd7 7. Nf3 Nb6 8. Qb3 Be7 9. a4 e4 10. Nd2 Nbd7 11. f3 exf3 12. exf3 Ne5 13. Ne2 Qb6 14. Qc2 0-0 15. 0-0 Re8 16. f4 Neg4 17. Nf3 Bf8 18. Nc3 Ne4 19. Nxe4 Rxe4 20. Ng5 Re8 21. Ne6 Bxe6 22. dxe6 g6 23. h3 Nf6 24. Bd2 Bg7 25. Bc3 Rxe6 26. Bxf6 Rxf6 27. Rfe1 Qc7 28. Re2 Rff8 29. Rae1 Bf6 30. b3 Qd7 31. Qd3 Bd4+ 32. Kh2 Rae8 33. Bd5+ Kh8 34. Qf3 Rxe2+ 35. Qxe2 Bc3 36. Qe7 Qxe7 37. Rxe7 b6 38. Rxa7 Re8 39. Ra8 Rxa8 40. Bxa8 Kg7 41. Kg2 Kf6 42. Kf3 h6 43. h4 g5 44. hxg5+ hxg5 45. Bd5 Bd2 46. Ke2 Bc1 47. Kf3 Bb2 48. Bc6 Bd4 49. Bd7 Bc3 50. Kf2 Bd2 51. Kf3 Kg6 52. Be6 Kf6 53. Bd7 Be1 54. Bc8 gxf4 55. gxf4 1/2-1/2

[Event "POL-ch PL+LU U17"]
[White "Jarczewski, Marcin"]
[Black "Bucior, Tomasz"]
[Site "Augustow"]
[Round "2.4"]
[Result "1-0"]
[Date "2007.10.09"]
[WhiteElo "1805"]
[BlackElo "1946"]
[PlyCount "139"]
[EventDate "2007.10.08"]
[EventType "tourn"]
[EventRounds "8"]
[EventCountry "POL"]
[SourceTitle "EXT 2023"]
[Source "ChessBase"]
[SourceDate "2022.10.05"]
[SourceVersion "1"]
[SourceVersionDate "2022.10.05"]
[SourceQuality "1"]

1. d4 d5 2. c4 c6 3. Nc3 Nf6 4. Nf3 dxc4 5. a4 Bf5 6. e3 e6 7. Bxc4 Bb4 8. 0-0 0-0 9. Qb3 Qb6 10. Nh4 Bg6 11. Nxg6 hxg6 12. Bd2 Nbd7 13. Ne4 Bxd2 14. Nxd2 Qxb3 15. Nxb3 Rfd8 16. Rfd1 Kf8 17. a5 a6 18. Rac1 Ke7 19. Be2 Rac8 20. Bf3 e5 21. Rc4 e4 22. Be2 Nd5 23. Rdc1 f5 24. Nc5 Nxc5 25. Rxc5 Rc7 26. g4 Rcd7 27. Bc4 Kf6 28. Kg2 Kg5 29. Kg3 Kf6 30. Bxd5 Rxd5 31. Kf4 g5+ 32. Kg3 g6 33. h4 gxh4+ 34. Kxh4 R8d7 35. b4 Rd8 36. Kg3 Kg5 37. Rh1 Rxc5 38. bxc5 Rd7 39. Rh8 Rf7 40. Rg8 fxg4 41. Re8 Rf3+ 42. Kg2 g3 43. Rxe4 Rxf2+ 44. Kxg3 Ra2 45. Re7 Rb2 46. Kf3 Rb3 47. Ke4 Kg4 48. d5 cxd5+ 49. Kxd5 g5 50. e4 Kf3 51. e5 g4 52. Rf7+ Ke2 53. e6 g3 54. e7 Re3 55. Kd6 g2 56. Rg7 Kf2 57. Kd7 g1Q 58. Rxg1 Kxg1 59. e8Q Rxe8 60. Kxe8 Kf2 61. Kd7 Ke3 62. Kc7 Kd4 63. Kb6 Kd5 64. c6 bxc6 65. Kxa6 c5 66. Kb6 c4 67. a6 c3 68. a7 c2 69. a8Q+ Kd4 70. Qa1+ 1-0

[Event "Augustow op"]
[White "Jarczewski, Marcin"]
[Black "Zochowski, Wieslaw"]
[Site "Augustow"]
[Round "8.8"]
[Result "1/2-1/2"]
[Date "2007.08.29"]
[WhiteElo "1805"]
[BlackElo "1774"]
[PlyCount "97"]
[EventDate "2007.08.24"]
[EventType "swiss"]
[EventRounds "9"]
[EventCountry "POL"]
[SourceTitle "EXT 2023"]
[Source "ChessBase"]
[SourceDate "2022.10.05"]
[SourceVersion "1"]
[SourceVersionDate "2022.10.05"]
[SourceQuality "1"]

1. d4 Nf6 2. c4 g6 3. Nc3 Bg7 4. e4 d6 5. f4 0-0 6. Nf3 c5 7. d5 Na6 8. Be2 Bd7 9. 0-0 Nc7 10. a4 a6 11. Qc2 Rb8 12. e5 Bf5 13. Bd3 Bxd3 14. Qxd3 Nd7 15. Re1 b5 16. axb5 axb5 17. cxb5 Nb6 18. Be3 Qd7 19. Ra5 Rb7 20. Rea1 Rfb8 21. Ra7 h6 22. R1a5 Kh7 23. h3 Qf5 24. Qxf5 gxf5 25. Nh4 Nc4 26. Nxf5 Nxa5 27. Rxa5 Nxb5 28. Nxb5 Rxb5 29. Rxb5 Rxb5 30. exd6 exd6 31. Nxd6 Rxb2 32. Bxc5 Rd2 33. Nxf7 Rxd5 34. Be3 Kg6 35. Ne5+ Bxe5 36. fxe5 Rxe5 37. Kf2 h5 38. g3 Kf5 39. Kf3 Re4 40. Bf4 Rb4 41. g4+ Kg6 42. gxh5+ Kxh5 43. Bg3 Kg5 44. h4+ Kf5 45. Bf2 Rb3+ 46. Be3 Ra3 47. h5 Rb3 48. h6 Kg6 49. Ke4 1/2-1/2

[Event "Augustow op"]
[White "Jarczewski, Marcin"]
[Black "Bernacki, Gabriel"]
[Site "Augustow"]
[Round "6.11"]
[Result "1/2-1/2"]
[Date "2007.08.27"]
[WhiteElo "1805"]
[BlackElo "1884"]
[PlyCount "35"]
[EventDate "2007.08.24"]
[EventType "swiss"]
[EventRounds "9"]
[EventCountry "POL"]
[SourceTitle "EXT 2023"]
[Source "ChessBase"]
[SourceDate "2022.10.05"]
[SourceVersion "1"]
[SourceVersionDate "2022.10.05"]
[SourceQuality "1"]

1. d4 f5 2. g3 g6 3. Bg2 Nf6 4. c4 Bg7 5. Nc3 0-0 6. e4 fxe4 7. Nxe4 d6 8. Ne2 Nbd7 9. N2c3 e5 10. d5 Nxe4 11. Nxe4 Nf6 12. Bg5 Bf5 13. Bxf6 Bxf6 14. Nxf6+ Rxf6 15. 0-0 Qd7 16. f4 exf4 17. Rxf4 Qg7 18. Qd4 1/2-1/2

[Event "Ostroda op-B 4th"]
[White "Jarczewski, Marcin"]
[Black "Choinski, Lukasz"]
[Site "Ostroda"]
[Round "9"]
[Result "1-0"]
[Date "2007.08.12"]
[WhiteElo "1805"]
[BlackElo "1790"]
[PlyCount "133"]
[EventDate "2007.08.06"]
[EventType "swiss"]
[EventRounds "9"]
[EventCountry "POL"]
[SourceTitle "EXT 2023"]
[Source "ChessBase"]
[SourceDate "2022.10.05"]
[SourceVersion "1"]
[SourceVersionDate "2022.10.05"]
[SourceQuality "1"]

1. d4 Nf6 2. c4 g6 3. Nc3 Bg7 4. e4 d6 5. f4 0-0 6. Nf3 c5 7. d5 Nbd7 8. Bd3 Rb8 9. 0-0 a6 10. a4 e6 11. Bd2 Re8 12. h3 Nf8 13. Qe2 b5 14. axb5 axb5 15. dxe6 Bxe6 16. Nxb5 Nh5 17. Qf2 f5 18. exf5 Bxf5 19. Bxf5 gxf5 20. Ra6 Re6 21. Ng5 Rg6 22. Qh4 Nf6 23. Rxd6 Qe7 24. Qe1 Qb7 25. Bc3 Re8 26. Qd1 h6 27. Nf3 Ne6 28. Nh4 Rg3 29. Rf3 Rxf3 30. Qxf3 Qxf3 31. Nxf3 Ne4 32. Bxg7 Kxg7 33. Rd7+ Kf6 34. Nd6 Nxd6 35. Rxd6 Rb8 36. Ne5 Rxb2 37. Nd3 Rd2 38. Rd5 Nc7 39. Rd7 Ne6 40. Nxc5 Rxd7 41. Nxd7+ Ke7 42. Ne5 Nxf4 43. Kf2 Ke6 44. Nf3 Kd6 45. Kg3 Ne2+ 46. Kh4 Kc5 47. Nd2 Kd4 48. Kh5 Nf4+ 49. Kxh6 Nxg2 50. Kg5 f4 51. h4 Ke3 52. Nf1+ Kf2 53. h5 Kxf1 54. h6 f3 55. h7 f2 56. h8Q Ne3 57. c5 Kg2 58. Qb2 Kg1 59. Qc1+ f1Q 60. Qxe3+ Kh1 61. Kh4 Qf6+ 62. Kg3 Qg6+ 63. Kf2 Qc2+ 64. Kf1 Qb1+ 65. Qe1 Qf5+ 66. Ke2+ Kh2 67. Qf2+ 1-0

[Event "Bialystok Podlaski Region-chB"]
[White "Chilkiewicz, Marek"]
[Black "Jarczewski, Marcin"]
[Site "Bialystok"]
[Round "8.2"]
[Result "0-1"]
[Date "2007.06.28"]
[WhiteElo "1868"]
[BlackElo "1805"]
[PlyCount "118"]
[EventDate "2007.06.23"]
[EventType "swiss"]
[EventRounds "9"]
[EventCountry "POL"]
[SourceTitle "EXT 2023"]
[Source "ChessBase"]
[SourceDate "2022.10.05"]
[SourceVersion "1"]
[SourceVersionDate "2022.10.05"]
[SourceQuality "1"]

1. d4 d5 2. e3 Nf6 3. Bd3 e6 4. f4 c5 5. c3 Bd7 6. Nf3 b5 7. 0-0 c4 8. Bc2 a5 9. Nbd2 Be7 10. Ne5 0-0 11. Rf3 Nc6 12. Rh3 g6 13. Qf3 Ne8 14. Rh6 Nxe5 15. dxe5 f5 16. g4 Ng7 17. gxf5 Nxf5 18. Bxf5 gxf5 19. Qh5 Rf7 20. Nf3 Rg7+ 21. Kf2 Kh8 22. Bd2 Qe8 23. Qxe8+ Rxe8 24. Nd4 Bc5 25. Rh3 b4 26. Rg3 Rb8 27. Rag1 Rxg3 28. hxg3 b3 29. axb3 Bxd4 30. cxd4 Rxb3 31. Bc3 a4 32. Ra1 Kg7 33. Kf3 Be8 34. Ra3 Rb7 35. Kf2 Kf8 36. Ra1 Ke7 37. Rh1 Kd8 38. Rh6 Bg6 39. Rh1 Kc7 40. Ra1 Be8 41. Rh1 Kb6 42. Ke2 Ka6 43. Ra1 Rg7 44. Kf2 Kb5 45. Rh1 a3 46. bxa3 Ka4 47. Bb4 Kb3 48. Rc1 Kb2 49. Bd2 Rc7 50. Rh1 c3 51. Bc1+ Kc2 52. Kf3 Rb7 53. g4 fxg4+ 54. Kxg4 Bg6 55. a4 Ra7 56. Ba3 Rxa4 57. Be7 Kb2 58. e4 Bxe4 59. Rh6 Bf5+ 0-1